[Event "DSOL 01 Liga Gr-D 1st"]
[Site "Playchess.com INT"]
[Date "2020.08.04"]
[Round "7.3"]
[White "Kuhn, Daniel"]
[Black "Mentlein, Horst"]
[Result "0-1"]
[WhiteElo "1903"]
[BlackElo "1942"]
[PlyCount "86"]
[EventDate "2020.06.22"]
[EventType "team-tourn (rapid)"]
[EventCountry "GER"]
[SourceTitle "EXT 2021"]
[Source "ChessBase"]
[SourceDate "2020.10.23"]
[SourceVersion "1"]
[SourceVersionDate "2020.10.23"]
[SourceQuality "1"]
[WhiteTeam "Landau"]
[BlackTeam "Luebeck SV"]
[WhiteTeamCountry "GER"]
[BlackTeamCountry "GER"]

1. e4 c6 2. d4 d5 3. e5 Bf5 4. Nc3 e6 5. g4 Bg6 6. Nge2 c5 7. h4 h6 8. Be3 Nc6 9. dxc5 Nxe5 10. Nd4 Nf6 11. f4 Nexg4 12. Bb5+ Ke7 13. Qe2 a6 14. c6 Qc7 15. cxb7 Qxb7 16. Nc6+ Kd6 17. Na5 Qc7 18. Nb3 Nxe3 19. Qxe3 Be4 20. Qd4 Ke7 21. Bd3 Qa7 22. Bxe4 Qxd4 23. Nxd4 Nxe4 24. Nxe4 dxe4 25. 0-0-0 g6 26. Rhe1 f5 27. Nc6+ Kf6 28. Ne5 g5 29. Nd7+ Ke7 30. hxg5 hxg5 31. fxg5 Rg8 32. Rg1 Rxg5 33. Nxf8 Rxg1 34. Rxg1 Rxf8 35. Kd2 Kf6 36. c4 Ke5 37. b4 f4 38. c5 Rd8+ 39. Ke2 f3+ 40. Kf2 Kf4 41. Rg7 e3+ 42. Ke1 f2+ 43. Ke2 Rd2+ 0-1

[Event "Schleswig-Holstein-ch Seniors-A"]
[Site "Bad Segeberg"]
[Date "2018.03.28"]
[Round "6"]
[White "Mentlein, Horst"]
[Black "Erich, Juergen"]
[Result "1-0"]
[WhiteElo "2049"]
[BlackElo "1916"]
[PlyCount "133"]
[EventDate "2018.03.24"]
[EventType "swiss"]
[EventRounds "9"]
[EventCountry "GER"]
[SourceTitle "EXT 2023"]
[Source "ChessBase"]
[SourceDate "2022.10.05"]
[SourceVersion "1"]
[SourceVersionDate "2022.10.05"]
[SourceQuality "1"]

1. c4 e6 2. Nc3 d5 3. d4 Nf6 4. Bg5 Nbd7 5. cxd5 exd5 6. e3 Bb4 7. Nge2 c5 8. a3 Ba5 9. dxc5 Bxc3+ 10. Nxc3 h6 11. Bxf6 Nxf6 12. Be2 0-0 13. 0-0 Be6 14. Qd4 Qe7 15. Bf3 Rfd8 16. b4 Rac8 17. Rac1 b6 18. cxb6 Rc4 19. Qd2 d4 20. Rfd1 Qd7 21. exd4 axb6 22. Ne2 b5 23. h3 Bd5 24. Bxd5 Qxd5 25. Rxc4 Qxc4 26. Rc1 Qb3 27. Qc3 Qa2 28. Rc2 Qb1+ 29. Kh2 Ne4 30. Qb2 Qf1 31. Ng3 Nxg3 32. fxg3 Re8 33. Rf2 Qd1 34. g4 Re4 35. Rd2 Qf1 36. Rf2 Qd1 37. Qc3 Rxd4 38. Qc8+ Rd8 39. Qf5 Qd6+ 40. g3 Qd5 41. Qxd5 Rxd5 42. Rf5 Rd3 43. Rxb5 Rxa3 44. Rb8+ Kh7 45. b5 Ra2+ 46. Kg1 Ra3 47. Kf2 Ra2+ 48. Ke3 Ra3+ 49. Kd4 Rxg3 50. Re8 Rxh3 51. Re3 Rh4 52. Re4 Rh1 53. Kc5 h5 54. b6 Rc1+ 55. Rc4 Rb1 56. Rb4 Rc1+ 57. Kd6 Rc8 58. b7 Rg8 59. gxh5 Kh6 60. Rb5 Rb8 61. Kc7 Rg8 62. b8Q Rxb8 63. Kxb8 g5 64. hxg6 fxg6 65. Kc7 g5 66. Kd6 Kh5 67. Ke5 1-0

[Event "Schleswig-Holstein-ch Seniors-A"]
[Site "Bad Segeberg"]
[Date "2018.03.26"]
[Round "3"]
[White "Krueger, Wolfgang"]
[Black "Mentlein, Horst"]
[Result "1-0"]
[WhiteElo "2128"]
[BlackElo "2049"]
[PlyCount "59"]
[EventDate "2018.03.24"]
[EventType "swiss"]
[EventRounds "9"]
[EventCountry "GER"]
[SourceTitle "EXT 2023"]
[Source "ChessBase"]
[SourceDate "2022.10.05"]
[SourceVersion "1"]
[SourceVersionDate "2022.10.05"]
[SourceQuality "1"]

1. Nf3 Nf6 2. g3 g6 3. Bg2 Bg7 4. 0-0 0-0 5. c4 d6 6. d4 Nbd7 7. Nc3 e5 8. e4 c6 9. h3 Qb6 10. c5 dxc5 11. dxe5 Ne8 12. e6 fxe6 13. Ng5 Ne5 14. f4 c4+ 15. Kh2 Nd3 16. e5 Nc7 17. Qe2 Nd5 18. Be4 Nxc1 19. Raxc1 Qa6 20. Nxh7 Kxh7 21. Qh5+ Kg8 22. Bxg6 Rf5 23. Qh7+ Kf8 24. g4 Nxc3 25. gxf5 exf5 26. Rxc3 Be6 27. Bxf5 Bg8 28. Qh4 Qb6 29. Rg3 Bd5 30. Rxg7 1-0

[Event "Schleswig Holstein-ch Senioren"]
[Site "Ratzeburg"]
[Date "2017.04.09"]
[Round "2.3"]
[White "Erich, Juergen"]
[Black "Mentlein, Horst"]
[Result "1/2-1/2"]
[WhiteElo "1892"]
[BlackElo "2024"]
[PlyCount "28"]
[EventDate "2017.04.08"]
[EventType "swiss"]
[EventRounds "9"]
[EventCountry "GER"]
[SourceTitle "EXT 2022"]
[Source "ChessBase"]
[SourceDate "2021.10.06"]
[SourceVersion "1"]
[SourceVersionDate "2021.10.06"]
[SourceQuality "1"]

1. d4 Nf6 2. Nf3 g6 3. c4 Bg7 4. e3 0-0 5. Be2 d6 6. Nc3 c5 7. 0-0 Nbd7 8. d5 a6 9. e4 Rb8 10. a4 b6 11. h3 h6 12. Bf4 Ne8 13. Qd2 Kh7 14. Rfe1 Ne5 1/2-1/2